Statistics for Flags with hands #10

Click here to take the quiz!

General Stats

  • This quiz has been taken 12 times
  • The average score is 10 of 11

Answer Stats

Answer% Correct
Bhutan
100%
Canada
100%
Denmark
100%
Iceland
100%
Iran
100%
Kosovo
100%
United States
100%
Belgium
86%
Netherlands
86%
Yemen
86%
Haiti
71%

Score Distribution

Percentile by Number Answered

Percent of People with Each Score

Your Score History

You have not taken this quiz